Chicago Musical Film Trivia - Statistics

General Stats
  • This quiz has been taken 180 times
  • The average score is 10 of 15
Answer Stats
Hint Answer % Correct
What did Roxie and her victim both supposedly reach for? The Gun
94%
Fill in the blank: Pop, Six, ______, Uh uh, Cicero, Lipschitz Squish
87%
Surname of the character of Roxie Hart
85%
Type of material that Amos compares himself to Cellophane
81%
All Billy Flynn cares about Love
81%
Year of release 2002
79%
Katalin Helinszki was the first woman in Cook County to be what? Hanged
78%
U.S. State in which the film is set Illinois
75%
Name of the character played by Catherine Zeta-Jones Velma Kelly
75%
Decade in which the film is set 1920's
72%
Name of the Mistress of Murderess' Row Matron 'Mama' Morton
67%
Amount of Academy Awards the film was nominated for 12
58%
Name of reporter played by Christine Baranski Mary Sunshine
41%
Name of the actress who portrayed Kitty Baxter Lucy Liu
33%
Director of the film Rob Marshall
16%
No matching quizzes found
Score Distribution
Percent of People with Each Score
Percentile by Number Answered
Your Score History
You have not taken this quiz